| 000 | 00896nam a2200313Ia 4500 | ||
|---|---|---|---|
| 001 | Z_4847 | ||
| 003 | CHAP | ||
| 008 | 220113s1978 xx 000 0 und d | ||
| 010 | _a167901 | ||
| 040 | _cCHAP | ||
| 082 | _a583.32 A5 | ||
| 100 |
_aAndrew, C. S. ed. _9142145 |
||
| 245 |
_aMineral nutrition of legumes in tropical and subtropical soils; proceedings of a Worshop... / _cpor ed. C. S. Andrew |
||
| 260 |
_aMelbourne : _bCommonwealth Scientific and Industrial Research Organization,, _c1978 |
||
| 300 | _a475 p. | ||
| 440 | _a | ||
| 500 | _a | ||
| 503 | _a124248 | ||
| 650 |
_aLeguminosas _xTrópicos _965852 |
||
| 650 |
_aMaterias Plantas _xNutrición _9142146 |
||
| 650 |
_aSuelos tropicales I. Kamprath, E. J. _9142147 |
||
| 650 |
_aSuelos y cultivos _9110571 |
||
| 901 | _a583.32 A5 | ||
| 902 | _aA | ||
| 910 | _a1978 | ||
| 942 | _c1 | ||
| 942 | _cc1 | ||
| 999 |
_c167901 _d167901 |
||